Sports Quiz

Random Sports or Clip Quiz
Score 0/22 Timer 08:00
2 Plays Today
Range Speaker % Correct
1:50-2:03Magic Johnson
88.3%
0:00-0:15Lou Gehrig
87.8%
3:51-3:59Muhammad Ali
86.9%
0:25-0:32Pete Rose
85.9%
1:01-1:10Mike Tyson
85.5%
3:15-3:27Babe Ruth
84.2%
0:33-0:43John McEnroe
74.7%
1:28-1:34Shaquille O'Neal
70.8%
2:17-2:27Michael Jordan
70.5%
3:02-3:14Deion Sanders
66.7%
3:28-3:39George Foreman
62.6%
Range Speaker % Correct
4:10-4:25Abbott & Costello
56.9%
2:04-2:16Joe DiMaggio
54.6%
0:16-0:24Joe Namath
53.6%
2:28-2:37Jackie Robinson
53%
1:35-1:49Mickey Mantle
51.3%
2:38-2:49Larry Bird
50.8%
0:44-1:00Cy Young
44.7%
4:00-4:09Yogi Berra
41.1%
1:11-1:27Kenesaw Mountain Landis
24.3%
3:40-3:50Dan Marino
20.1%
2:50-3:01Wayne Gretzky
19.6%
Remove Ads.
Support Sporcle.
Get the best of Sporcle when you Go Orange. This ad-free experience offers more features, more stats, and more fun while also helping to support Sporcle. Thank you for becoming a member.

You're not logged in!

Compare scores with friends on all Sporcle quizzes.
OR
Log In

Sporcle TV

Today on Sporcle TV


Watch our educational content, quiz creation guides, and fun videos on Sporcle TV.

Show Comments

Extras

Top Quizzes Today


Score Distribution

Paid Content

Your Account Isn't Verified!

In order to create a playlist on Sporcle, you need to verify the email address you used during registration. Go to your Sporcle Settings to finish the process.

Report this User

Report this user for behavior that violates our Community Guidelines.

Details: